Phương pháp dạy học "Lấy giáo viên làm trung tâm" và phương pháp dạy học "Lấy học sinh làm trung tâm" /
Enregistré dans:
| Auteur principal: | |
|---|---|
| Format: | Article |
| Langue: | Vietnamese |
| Sujets: | |
| Tags: |
Ajouter un tag
Pas de tags, Soyez le premier à ajouter un tag!
|
| Thư viện lưu trữ: | Thư viện Trường Đại học Đà Lạt |
|---|
| LEADER | 00814nam a2200265 4500 | ||
|---|---|---|---|
| 001 | DLU120001103 | ||
| 005 | ##20121009 | ||
| 040 | # | # | |a DLU |b vie |
| 041 | # | # | |a vie |
| 044 | # | # | |a vn |
| 100 | # | # | |a Nguyễn Châu, |c GS.TS. |
| 245 | # | # | |a Phương pháp dạy học "Lấy giáo viên làm trung tâm" và phương pháp dạy học "Lấy học sinh làm trung tâm" / |c Nguyễn Châu. |
| 653 | # | # | |a Chủ động |
| 653 | # | # | |a Dân chủ |
| 653 | # | # | |a Tự học |
| 773 | # | # | |t Dạy và học ngày nay |g Số 4, 2010, tr. 10-12 |
| 920 | # | # | |a Phòng Tạp chí -- Trung tâm Thông tin - Thư viện Trường Đại học Đà Lạt |
| 994 | # | # | |a DLU |
| 900 | # | # | |a True |
| 911 | # | # | |a Nguyễn Thị Linh Chi |
| 925 | # | # | |a G |
| 926 | # | # | |a A |
| 927 | # | # | |a BB |
| 980 | # | # | |a Thư viện Trường Đại học Đà Lạt |